Klasifikácia krajín EÚ na základe vybraných ukazovateľov sociálnej inklúzie pomocou samoorganizačných máp

Indikátory sociálnej inklúzie v rámci stratégie trvalo udržateľného rozvoja. Metodika klasifikácie pomocou algoritmu samoorganizačných máp. Výsledky klasifikácie krajín EÚ na základe indikátorov sociálnej inklúzie.

Salvato in:
Dettagli Bibliografici
Autore principale: Vojtková, Mária, 1966-
Natura: Capitolo di libro
Lingua:slovacco
Soggetti:
Tags: Aggiungi Tag
Nessun Tag, puoi essere il primo ad aggiungerne!!

MARC

LEADER 00000nla a2200000 4500
001 0198021
005 20240729072736.8
041 0 |a slo 
044 |a SK 
245 1 0 |a Klasifikácia krajín EÚ na základe vybraných ukazovateľov sociálnej inklúzie pomocou samoorganizačných máp  |c Mária Vojtková 
520 |a Indikátory sociálnej inklúzie v rámci stratégie trvalo udržateľného rozvoja. Metodika klasifikácie pomocou algoritmu samoorganizačných máp. Výsledky klasifikácie krajín EÚ na základe indikátorov sociálnej inklúzie. 
610 2 0 |a začlenenie sociálne 
610 2 0 |a ukazovatele sociálne 
610 2 0 |a vzdelanie 
610 2 0 |a chudoba 
610 2 0 |a Európska únia 
610 2 0 |a mapy štatistické 
100 1 |a Vojtková, Mária, 1966-